00647nam a2200193Ia 4500008004100000020001800041082001700059100003100076245003300107250000800140260006000148300002700208500001900235600002700254650001500281942000700296952013300303999001700436240925s9999 xx 000 0 und d a9788122436389 a629.8312 GOP aPears, Richard ; Gopal , M 0aModern Control System Theory a3rd aNew Delhi:bNew Age International (Pvt) Limitedc,2014. axx, 461p.b0fOriginal aIncludes Index aElectronic Engineering aTechnology cBK 001040708ELaUITUbUITUd2017-05-11eRoyal Book Companyg519.75l0o629.8312 GOPpQ11361r2024-09-25 07:16:02w2024-09-25yBK c13860d13860